Teória priamych zahraničných investícií v súvislosti s globálnymi výzvami inovácie

Evolučné trendy základných teoretických prístupov k popisu a modelovaniu priamych zahraničných investícií. Rodokmeň hlavných investičných teórií a modelov. Vedúce faktory pri vzniku a rozvoji priemyselného klastra. Hmotná a nehmotná štruktúra kapitálu a aktív v klastroch a aglomeráciách. Historické...

Descrizione completa

Salvato in:
Dettagli Bibliografici
Autore principale: Seniuk, Ninel
Altri autori: Hudáková, Monika
Natura: Capitolo di libro
Lingua:inglese
Soggetti:
Tags: Aggiungi Tag
Nessun Tag, puoi essere il primo ad aggiungerne!!

MARC

LEADER 00000naa a2200000 4500
001 0299978
005 20240723101646.3
041 0 |a eng 
044 |a SK 
245 1 0 |a Teória priamych zahraničných investícií v súvislosti s globálnymi výzvami inovácie  |c Ninel Seniuk, Monika Hudáková 
520 |a Evolučné trendy základných teoretických prístupov k popisu a modelovaniu priamych zahraničných investícií. Rodokmeň hlavných investičných teórií a modelov. Vedúce faktory pri vzniku a rozvoji priemyselného klastra. Hmotná a nehmotná štruktúra kapitálu a aktív v klastroch a aglomeráciách. Historické etapy vzniku a vývoja priemyselných územných útvarov. 
610 2 0 |a investície priame zahraničné 
610 2 0 |a inovácie technologické 
610 2 0 |a digitalizácia 
610 2 0 |a spoločnosti nadnárodné 
610 2 0 |a reťazce hodnotové globálne 
610 2 0 |a globalizácia 
610 2 0 |a internacionalizácia 
610 2 0 |a obchod medzinárodný 
610 2 0 |a modely 
610 2 0 |a klaster 
100 1 |a Seniuk, Ninel 
700 1 |a Hudáková, Monika